[Event "European Club Cup 2006"]
[Site "Fuegen AUT"]
[Date "2006.10.11"]
[Round "4.47"]
[White "Stehno, Pavel"]
[Black "Lindner, Daniel"]
[Result "1-0"]
[WhiteElo "2273"]
[BlackElo "2271"]
[PlyCount "73"]
[EventDate "2006.10.08"]
[EventType "team"]
[EventRounds "7"]
[EventCountry "AUT"]
[Source "lmi"]
[SourceDate "2006.10.08"]

1. e4 e5 2. Nf3 Nc6 3. Bb5 a6 4. Ba4 Nf6 5. O-O Be7 6. Re1 b5 7. Bb3 d6 8. c3
O-O 9. h3 Na5 10. Bc2 c5 11. d4 Nd7 12. Nbd2 exd4 13. cxd4 Nc6 14. Nf1 Bf6 15.
Be3 Bb7 16. Ng3 g6 17. Qd2 Re8 18. Rad1 c4 19. h4 Qc7 20. h5 b4 21. Bg5 Bh8 22.
Bh6 Nf8 23. Nf5 a5 24. Bxf8 Rxf8 25. Nh6+ Kg7 26. e5 Bc8 27. Be4 Ra6 28. Bxc6
Rxc6 29. d5 Rc5 30. Nh4 dxe5 31. N6f5+ Bxf5 32. Nxf5+ Kf6 33. d6 Qd7 34. Ne7
Qg4 35. Qe3 Rb5 36. Nd5+ Ke6 37. Nc7+ 1-0

[Event "European Club Cup 2006"]
[Site "Fuegen AUT"]
[Date "2006.10.11"]
[Round "4.49"]
[White "Likavsky, Tomas"]
[Black "Azarov, Sergei"]
[Result "1/2-1/2"]
[WhiteElo "2480"]
[BlackElo "2565"]
[PlyCount "35"]
[EventDate "2006.10.08"]
[EventType "team"]
[EventRounds "7"]
[EventCountry "AUT"]
[Source "lmi"]
[SourceDate "2006.10.08"]

1. d4 Nf6 2. c4 e6 3. Nc3 Bb4 4. Qc2 d5 5. a3 Bxc3+ 6. Qxc3 Ne4 7. Qc2 e5 8.
cxd5 Qxd5 9. f3 Nd6 10. dxe5 Qxe5 11. e4 Nc6 12. Ne2 f5 13. Bf4 Qe7 14. O-O-O
fxe4 15. Nc3 O-O 16. Nd5 Qf7 17. fxe4 Bg4 18. Be2 1/2-1/2

[Event "European Club Cup 2006"]
[Site "Fuegen AUT"]
[Date "2006.10.11"]
[Round "4.50"]
[White "Zhigalko, Andrey"]
[Black "Kalod, Radek"]
[Result "1-0"]
[WhiteElo "2532"]
[BlackElo "2484"]
[PlyCount "117"]
[EventDate "2006.10.08"]
[EventType "team"]
[EventRounds "7"]
[EventCountry "AUT"]
[Source "lmi"]
[SourceDate "2006.10.08"]

1. e4 c5 2. Nf3 d6 3. d4 cxd4 4. Nxd4 Nf6 5. Nc3 a6 6. f4 Nbd7 7. Be2 g6 8. a4
Bg7 9. O-O O-O 10. Kh1 Nc5 11. Bf3 e5 12. Nde2 Re8 13. Ng3 b6 14. fxe5 dxe5 15.
Qxd8 Rxd8 16. Be3 a5 17. Be2 Bb7 18. Bg5 Rd6 19. Bc4 h6 20. Nb5 Rc6 21. Be3 Na6
22. b3 Nb4 23. Rac1 Rd8 24. h3 h5 25. c3 Nd3 26. Rcd1 Rxc4 27. bxc4 h4 28. Bxb6
Rd7 29. Ne2 Nxe4 30. Kg1 Bf8 31. Nc1 Bc5+ 32. Bxc5 Nexc5 33. Nxd3 Nxd3 34. Rf6
e4 35. Rd6 Rxd6 36. Nxd6 Bc6 37. Kf1 Kf8 38. Nb5 Ke7 39. Ke2 f5 40. Nd4 Bxa4
41. Ra1 Nc5 42. Rb1 Bd7 43. Rb6 a4 44. Nc6+ Kd6 45. Nb8+ Kc7 46. Nxd7 Kxd7 47.
Rxg6 Kc7 48. g3 hxg3 49. Rxg3 Kd6 50. h4 Ne6 51. h5 Nf4+ 52. Ke3 Nxh5 53. Rg5
f4+ 54. Kxe4 Ng3+ 55. Kxf4 Ne2+ 56. Ke3 Nxc3 57. Kd3 Na2 58. c5+ Kc6 59. Kc4
1-0

[Event "European Club Cup 2006"]
[Site "Fuegen AUT"]
[Date "2006.10.11"]
[Round "4.52"]
[White "Lutsko, Igor"]
[Black "Schweda, Roland"]
[Result "1-0"]
[WhiteElo "2489"]
[BlackElo "2451"]
[PlyCount "53"]
[EventDate "2006.10.08"]
[EventType "team"]
[EventRounds "7"]
[EventCountry "AUT"]
[Source "lmi"]
[SourceDate "2006.10.08"]

1. d4 Nf6 2. c4 d6 3. Nc3 Nbd7 4. Nf3 e5 5. e4 g6 6. d5 Bg7 7. h3 Nc5 8. Qc2 a5
9. Bg5 h6 10. Be3 O-O 11. Be2 Nfd7 12. g4 c6 13. Nd2 a4 14. h4 f5 15. gxf5 gxf5
16. exf5 e4 17. Rg1 Kh8 18. Ndxe4 Nxe4 19. Nxe4 a3 20. Rxg7 Kxg7 21. O-O-O Nf6
22. Bd4 Bxf5 23. Rg1+ Kf7 24. Nxf6 Bxc2 25. Bh5+ Bg6 26. Bxg6+ Kg7 27. Bf5+ 1-0

[Event "European Club Cup 2006"]
[Site "Fuegen AUT"]
[Date "2006.10.11"]
[Round "4.53"]
[White "Kremsner, Andreas"]
[Black "Mochalov, Evgeny V"]
[Result "0-1"]
[WhiteElo "2214"]
[BlackElo "2419"]
[PlyCount "120"]
[EventDate "2006.10.08"]
[EventType "team"]
[EventRounds "7"]
[EventCountry "AUT"]
[Source "lmi"]
[SourceDate "2006.10.08"]

1. d4 Nf6 2. Nf3 e6 3. c4 Bb4+ 4. Bd2 c5 5. e3 O-O 6. Bd3 Nc6 7. O-O d6 8. Nc3
h6 9. d5 Bxc3 10. dxc6 Bxd2 11. cxb7 Bxb7 12. Qxd2 Qb6 13. Qc2 Rfd8 14. Rac1 a5
15. Rfd1 a4 16. a3 Bc6 17. Nd2 Qb7 18. f3 Ra6 19. Nf1 Rb6 20. Rb1 Rb8 21. Rd2
Qc7 22. Qd1 Ne8 23. Ng3 Kf8 24. Ne2 Qe7 25. Nc3 Qg5 26. Kf2 Rb3 27. Qc1 R3b6
28. Be4 Bxe4 29. Nxe4 Qh4+ 30. Kg1 f5 31. Nf2 Rb3 32. Nd3 Qe7 33. Nf4 Kf7 34.
Rd3 R3b6 35. Ne2 Qb7 36. Rd2 Qa6 37. Qf1 Qxc4 38. e4 Nf6 39. exf5 exf5 40. Qd1
Qe6 41. Kh1 Qe5 42. Qc2 Kg8 43. h3 Kh8 44. Nc3 Nh5 45. Nxa4 Rb3 46. Rd3 Ng3+
47. Kg1 Qe2 48. Qxb3 Rxb3 49. Rxb3 Qc2 50. Rb8+ Kh7 51. Nc3 Ne2+ 52. Kh1 Nf4
53. Rg1 d5 54. Rd8 d4 55. Nd5 Ne2 56. Re1 Qxb2 57. Nc7 Qd2 58. Rb1 Nf4 59. Rg1
d3 60. Rd7 Qe3 0-1

[Event "European Club Cup 2006"]
[Site "Fuegen AUT"]
[Date "2006.10.11"]
[Round "4.54"]
[White "Thorhallsson, Throstur"]
[Black "Ruck, Robert"]
[Result "1/2-1/2"]
[WhiteElo "2469"]
[BlackElo "2526"]
[PlyCount "31"]
[EventDate "2006.10.08"]
[EventType "team"]
[EventRounds "7"]
[EventCountry "AUT"]
[Source "lmi"]
[SourceDate "2006.10.08"]

1. e4 c6 2. c4 d5 3. exd5 cxd5 4. cxd5 Nf6 5. Nc3 Nxd5 6. Nf3 Nxc3 7. bxc3 g6
8. d4 Bg7 9. Bd3 O-O 10. O-O Nc6 11. Re1 Bg4 12. Be4 Qd7 13. Rb1 Rac8 14. h3
Bxf3 15. Qxf3 Rfe8 16. Bf4 1/2-1/2

[Event "European Club Cup 2006"]
[Site "Fuegen AUT"]
[Date "2006.10.11"]
[Round "4.56"]
[White "Steingrimsson, Hedinn"]
[Black "Goloshchapov, Alexander"]
[Result "1/2-1/2"]
[WhiteElo "2466"]
[BlackElo "2552"]
[PlyCount "65"]
[EventDate "2006.10.08"]
[EventType "team"]
[EventRounds "7"]
[EventCountry "AUT"]
[Source "lmi"]
[SourceDate "2006.10.08"]

1. d4 Nf6 2. c4 e6 3. Nf3 b6 4. g3 Ba6 5. b3 Bb4+ 6. Bd2 Be7 7. Bg2 c6 8. Bc3
d5 9. Nbd2 Nbd7 10. O-O O-O 11. Re1 c5 12. e4 Nxe4 13. Nxe4 dxe4 14. Rxe4 Bb7
15. Re3 Bf6 16. Ne5 Bxg2 17. Kxg2 cxd4 18. Bxd4 Nxe5 19. Bxe5 Bxe5 20. Rxe5 Qf6
21. Qe2 Rad8 22. Rc1 Rd7 23. c5 Rc8 24. b4 Rdc7 25. Rc4 Qe7 26. Qc2 a5 27. a3
axb4 28. axb4 Qf8 29. h4 h6 30. Kh2 Rc6 31. Re1 bxc5 32. Rc1 Qd6 33. Rd1
1/2-1/2

[Event "European Club Cup 2006"]
[Site "Fuegen AUT"]
[Date "2006.10.11"]
[Round "4.57"]
[White "Roeder, Mathias"]
[Black "Gunnarsson, Jon Viktor"]
[Result "1-0"]
[WhiteElo "2456"]
[BlackElo "2414"]
[PlyCount "81"]
[EventDate "2006.10.08"]
[EventType "team"]
[EventRounds "7"]
[EventCountry "AUT"]
[Source "lmi"]
[SourceDate "2006.10.08"]

1. Nf3 c5 2. c4 g6 3. e4 Nc6 4. d4 cxd4 5. Nxd4 Bg7 6. Be3 d6 7. Nc3 Nf6 8. Be2
O-O 9. O-O Bd7 10. Qd2 Nxd4 11. Bxd4 Bc6 12. f3 Nd7 13. Be3 a5 14. b3 Nc5 15.
Rab1 Qb6 16. Rfc1 Rfc8 17. Rc2 Be5 18. Bf1 e6 19. Ne2 Qd8 20. Nd4 Bd7 21. g3
Qe7 22. Rd1 f5 23. exf5 gxf5 24. Bg2 Ra6 25. Nb5 d5 26. Qf2 dxc4 27. bxc4 Be8
28. f4 Bf6 29. Bd4 Bh5 30. Bxf6 Qxf6 31. Rd4 Ne4 32. Bxe4 fxe4 33. Nd6 Rf8 34.
Nxe4 Qg7 35. Rcd2 e5 36. Rd8 Be8 37. f5 Qg4 38. Nd6 Bc6 39. Rxf8+ Kxf8 40. Qe3
Qg7 41. f6 1-0

[Event "European Club Cup 2006"]
[Site "Fuegen AUT"]
[Date "2006.10.11"]
[Round "4.58"]
[White "Bergsson, Snorri"]
[Black "Gulbas, Cemil"]
[Result "0-1"]
[WhiteElo "2334"]
[BlackElo "2379"]
[PlyCount "78"]
[EventDate "2006.10.08"]
[EventType "team"]
[EventRounds "7"]
[EventCountry "AUT"]
[Source "lmi"]
[SourceDate "2006.10.08"]

1. e4 d6 2. d4 Nf6 3. Nc3 g6 4. Be3 c6 5. h3 Nbd7 6. Nf3 Qc7 7. a4 Bg7 8. Be2
b6 9. O-O O-O 10. Nd2 e5 11. dxe5 dxe5 12. Nc4 Ba6 13. Qc1 Rfd8 14. f4 Nh5 15.
f5 Ng3 16. Qe1 Nxf1 17. Qxf1 Bf8 18. Qf2 Bc5 19. Rf1 Rf8 20. Bxc5 Nxc5 21. b4
Nd7 22. Qh4 Kg7 23. f6+ Kh8 24. Ne3 Bxe2 25. Nxe2 a5 26. Qh6 Rg8 27. Ng4 axb4
28. Ng3 Qd6 29. Kh2 Rxa4 30. Qg5 Ra2 31. Nh6 Rf8 32. Nh5 Rxc2 33. Nf5 Qd2 34.
Ne3 Rc3 35. Rf3 Rg8 36. Ng7 Qd6 37. Qh6 Nxf6 38. Nef5 gxf5 39. Nxf5 Ng4+ 0-1

[Event "European Club Cup 2006"]
[Site "Fuegen AUT"]
[Date "2006.10.11"]
[Round "4.59"]
[White "Hautot, Stephane"]
[Black "Einarsson, Bergsteinn"]
[Result "1/2-1/2"]
[WhiteElo "2368"]
[BlackElo "2235"]
[PlyCount "93"]
[EventDate "2006.10.08"]
[EventType "team"]
[EventRounds "7"]
[EventCountry "AUT"]
[Source "lmi"]
[SourceDate "2006.10.08"]

1. e4 c5 2. c4 Nc6 3. Nc3 g6 4. g3 Bg7 5. Bg2 e6 6. Nge2 Nge7 7. d3 d6 8. Be3
Nd4 9. O-O O-O 10. Rb1 Nec6 11. a3 a5 12. f4 f5 13. h3 Rb8 14. Kh2 Bd7 15. a4
Qe7 16. g4 Nxe2 17. Qxe2 Nd4 18. Qf2 Bc6 19. Rbe1 Qd7 20. Nb5 e5 21. exf5 gxf5
22. g5 Rbe8 23. h4 Ne6 24. Kh1 exf4 25. Bd2 Be5 26. Bc3 Nd4 27. Nxd4 cxd4 28.
Bxa5 f3 29. Bxf3 f4 30. Qg2 Qf5 31. Bxc6 bxc6 32. Rf3 Ra8 33. Bd2 Rxa4 34. Ref1
Raa8 35. Bxf4 Bxf4 36. Rxf4 Qxd3 37. Rxf8+ Rxf8 38. Rxf8+ Kxf8 39. Qxc6 Qf1+
40. Kh2 Qf4+ 41. Kg2 Qd2+ 42. Kg3 Qe1+ 43. Kg4 Qe6+ 44. Kg3 Qe1+ 45. Kg4 Qe6+
46. Kg3 Qe1+ 47. Kg4 1/2-1/2

[Event "European Club Cup 2006"]
[Site "Fuegen AUT"]
[Date "2006.10.11"]
[Round "4.62"]
[White "Borriss, Martin"]
[Black "Hort, Vlastimil"]
[Result "1/2-1/2"]
[WhiteElo "2455"]
[BlackElo "2501"]
[PlyCount "66"]
[EventDate "2006.10.08"]
[EventType "team"]
[EventRounds "7"]
[EventCountry "AUT"]
[Source "lmi"]
[SourceDate "2006.10.08"]

1. e4 c6 2. d4 d5 3. e5 Bf5 4. Be3 e6 5. Nd2 Ne7 6. Be2 h6 7. Ngf3 Bh7 8. Nb3
Nf5 9. Bf4 Be7 10. O-O Nd7 11. Qd2 g5 12. Be3 Qc7 13. Na5 f6 14. exf6 Nxf6 15.
Ne5 Bd6 16. b4 O-O 17. Bd3 Nxe3 18. Qxe3 Bxb4 19. Nxb7 Qxb7 20. Rab1 a5 21. a3
Bf5 22. axb4 axb4 23. Bxf5 exf5 24. Qh3 Qh7 25. Nxc6 Rfc8 26. Nxb4 Rc4 27. Rfe1
f4 28. Nd3 Rxc2 29. Rb6 Rf8 30. Qe6+ Qf7 31. Qf5 Qh7 32. Qe6+ Qf7 33. Qf5 Qh7
1/2-1/2

[Event "European Club Cup 2006"]
[Site "Fuegen AUT"]
[Date "2006.10.11"]
[Round "4.63"]
[White "Volke, Karsten"]
[Black "Berndt, Stephan"]
[Result "1/2-1/2"]
[WhiteElo "2478"]
[BlackElo "2445"]
[PlyCount "57"]
[EventDate "2006.10.08"]
[EventType "team"]
[EventRounds "7"]
[EventCountry "AUT"]
[Source "lmi"]
[SourceDate "2006.10.08"]

1. d4 Nf6 2. c4 e6 3. Nc3 Bb4 4. Qc2 O-O 5. a3 Bxc3+ 6. Qxc3 b6 7. Bg5 Bb7 8.
f3 d5 9. e3 Nbd7 10. cxd5 Nxd5 11. Bxd8 Nxc3 12. Bh4 Nd5 13. Bf2 c5 14. e4 Ne7
15. Ne2 Rfc8 16. Nc3 a6 17. dxc5 Nxc5 18. Rd1 Bc6 19. Bd4 Be8 20. Be2 b5 21.
Kf2 Nd7 22. Rc1 Nc6 23. Be3 Na5 24. Nb1 Nb3 25. Rxc8 Rxc8 26. Nc3 Ne5 27. Rd1
Kf8 28. Rd6 Bc6 29. Bf4 1/2-1/2

[Event "European Club Cup 2006"]
[Site "Fuegen AUT"]
[Date "2006.10.11"]
[Round "4.64"]
[White "Schneider, Ilja"]
[Black "Kuehn, Peter"]
[Result "1/2-1/2"]
[WhiteElo "2368"]
[BlackElo "2384"]
[PlyCount "62"]
[EventDate "2006.10.08"]
[EventType "team"]
[EventRounds "7"]
[EventCountry "AUT"]
[Source "lmi"]
[SourceDate "2006.10.08"]

1. e4 c6 2. d4 d5 3. exd5 cxd5 4. Bd3 Nc6 5. c3 Nf6 6. Bf4 Bg4 7. Qb3 Qd7 8.
Nd2 e6 9. Ngf3 Bd6 10. Bxd6 Qxd6 11. Qxb7 Rb8 12. Qa6 O-O 13. O-O Rb6 14. Qa3
Qxa3 15. bxa3 Rfb8 16. Rfb1 Kf8 17. Rxb6 Rxb6 18. Rb1 Rxb1+ 19. Bxb1 Bxf3 20.
Nxf3 Ne8 21. Bd3 Nd6 22. Kf1 Na5 23. Ke2 h6 24. Nd2 Ke7 25. Nb3 Nac4 26. a4 Kd7
27. Bxc4 Nxc4 28. Nc5+ Kc6 29. f4 h5 30. g3 Kd6 31. h3 Kc6 1/2-1/2

[Event "European Club Cup 2006"]
[Site "Fuegen AUT"]
[Date "2006.10.11"]
[Round "4.67"]
[White "Fercec, Nenad"]
[Black "Fejzullahu, Afrim"]
[Result "1/2-1/2"]
[WhiteElo "2504"]
[BlackElo "2305"]
[PlyCount "67"]
[EventDate "2006.10.08"]
[EventType "team"]
[EventRounds "7"]
[EventCountry "AUT"]
[Source "lmi"]
[SourceDate "2006.10.08"]

1. e4 e5 2. Nf3 Nc6 3. d4 exd4 4. Nxd4 Nf6 5. Nxc6 bxc6 6. Bd3 d5 7. exd5 cxd5
8. O-O Be7 9. Bg5 O-O 10. Nd2 Bg4 11. Qc1 Nh5 12. Bxe7 Qxe7 13. Re1 Qg5 14. g3
Rae8 15. Nb3 Qf6 16. c3 Bh3 17. Re3 Qb6 18. Rxe8 Rxe8 19. Qd2 Nf6 20. Re1 Rxe1+
21. Qxe1 Kf8 22. c4 dxc4 23. Bxc4 Qb7 24. Bf1 Bxf1 25. Qxf1 Qe4 26. Qd1 g6 27.
Nc5 Qd5 28. Qxd5 Nxd5 29. Kf1 Ke7 30. Ke2 f5 31. Na6 Kd6 32. Kd3 Nf6 33. f3 Nd7
34. Nb4 1/2-1/2

[Event "European Club Cup 2006"]
[Site "Fuegen AUT"]
[Date "2006.10.11"]
[Round "4.68"]
[White "Idrizaj, Abedin"]
[Black "Golubovic, Boris"]
[Result "1/2-1/2"]
[WhiteElo "2249"]
[BlackElo "2442"]
[PlyCount "105"]
[EventDate "2006.10.08"]
[EventType "team"]
[EventRounds "7"]
[EventCountry "AUT"]
[Source "lmi"]
[SourceDate "2006.10.08"]

1. e4 c5 2. Nf3 e6 3. d4 cxd4 4. Nxd4 Nf6 5. Nc3 d6 6. Be3 Be7 7. f3 a6 8. Qd2
Nc6 9. O-O-O O-O 10. g4 Nxd4 11. Bxd4 b5 12. Bd3 Nd7 13. Ne2 Ne5 14. f4 Nf3 15.
Qe3 Nxd4 16. Qxd4 Qc7 17. Qe3 b4 18. g5 a5 19. f5 Qc5 20. Qf4 Qe5 21. Rhg1 Rd8
22. f6 Bf8 23. Rdf1 g6 24. h4 h5 25. gxh6 Qxf4+ 26. Nxf4 Bxh6 27. Kb1 e5 28.
Nd5 Kh8 29. Ne7 Be6 30. Bb5 Kh7 31. Bc6 Ra7 32. Bd5 Bxd5 33. Nxd5 Rc8 34. b3
Ra6 35. Rg2 Rb8 36. Rf3 Ra7 37. Rd3 Rh8 38. Nb6 Bf8 39. h5 Rg8 40. hxg6+ Rxg6
41. Rh2+ Rh6 42. Rxh6+ Kxh6 43. Nd5 Kh5 44. Rh3+ Kg4 45. Rh8 Ra8 46. c4 bxc3
47. Nxc3 Re8 48. Nd5 Kf3 49. Rh4 Kg3 50. Rh1 Kf3 51. Rh4 Kg3 52. Rh8 Kf3 53.
Rh4 1/2-1/2

[Event "European Club Cup 2006"]
[Site "Fuegen AUT"]
[Date "2006.10.11"]
[Round "4.74"]
[White "Carlsson, Pontus"]
[Black "Grabliauskas, Virginijus"]
[Result "1-0"]
[WhiteElo "2461"]
[BlackElo "2419"]
[PlyCount "47"]
[EventDate "2006.10.08"]
[EventType "team"]
[EventRounds "7"]
[EventCountry "AUT"]
[Source "lmi"]
[SourceDate "2006.10.08"]

1. e4 c5 2. Nf3 e6 3. d4 cxd4 4. Nxd4 a6 5. Bd3 Bc5 6. Nb3 Ba7 7. Qg4 Nf6 8.
Qg3 d6 9. O-O Nc6 10. Nc3 Ne5 11. Be2 b5 12. Bf4 b4 13. Rad1 Qe7 14. Rxd6 Ng6
15. e5 bxc3 16. exf6 gxf6 17. Bf3 Bb7 18. Na5 Bxf3 19. Qxf3 Rc8 20. Nc6 Qb7 21.
Rfd1 O-O 22. Bh6 f5 23. Qxc3 e5 24. Bxf8 1-0

[Event "European Club Cup 2006"]
[Site "Fuegen AUT"]
[Date "2006.10.11"]
[Round "4.75"]
[White "Sarakauskas, Gediminas"]
[Black "Ernst, Thomas"]
[Result "1/2-1/2"]
[WhiteElo "2438"]
[BlackElo "2441"]
[PlyCount "69"]
[EventDate "2006.10.08"]
[EventType "team"]
[EventRounds "7"]
[EventCountry "AUT"]
[Source "lmi"]
[SourceDate "2006.10.08"]

1. Nf3 c5 2. c4 Nc6 3. Nc3 e5 4. g3 g6 5. Bg2 Bg7 6. O-O d6 7. a3 a5 8. d3 Nge7
9. Ne1 Be6 10. Nd5 O-O 11. Nc2 Rb8 12. Bg5 f6 13. Bd2 b5 14. b4 axb4 15. axb4
bxc4 16. dxc4 Bxd5 17. cxd5 Nxb4 18. Nxb4 cxb4 19. Qb3 f5 20. Ra4 e4 21. Rxb4
Rxb4 22. Bxb4 Qb6 23. Qa3 Be5 24. Rd1 Rb8 25. Bc3 Bxc3 26. Qxc3 Qb3 27. Qxb3
Rxb3 28. f3 exf3 29. Bxf3 Kf7 30. Ra1 Kf6 31. Ra6 Ke5 32. Ra7 Kf6 33. Ra6 Ke5
34. Ra7 Kf6 35. Ra6 1/2-1/2

[Event "European Club Cup 2006"]
[Site "Fuegen AUT"]
[Date "2006.10.11"]
[Round "4.77"]
[White "Rocius, Marijonas"]
[Black "Couso, Luis"]
[Result "1/2-1/2"]
[WhiteElo "2208"]
[BlackElo "2294"]
[PlyCount "51"]
[EventDate "2006.10.08"]
[EventType "team"]
[EventRounds "7"]
[EventCountry "AUT"]
[Source "lmi"]
[SourceDate "2006.10.08"]

1. e4 c5 2. Nf3 e6 3. d4 cxd4 4. Nxd4 a6 5. Bd3 Bc5 6. Nb3 Ba7 7. Qg4 Nf6 8.
Qg3 d6 9. Nc3 Nc6 10. O-O Ne5 11. Kh1 Nxd3 12. cxd3 O-O 13. f4 d5 14. f5 exf5
15. Bg5 Nh5 16. Qh4 f6 17. Bd2 d4 18. Ne2 Qe8 19. Bb4 g5 20. Qf2 Rf7 21. exf5
Qb5 22. Ba3 Ng7 23. Nexd4 Qxd3 24. Nc5 Bxc5 25. Bxc5 Bd7 26. Qf3 1/2-1/2

[Event "European Club Cup 2006"]
[Site "Fuegen AUT"]
[Date "2006.10.11"]
[Round "4.79"]
[White "Hochstrasser, Michael"]
[Black "Boensch, Uwe"]
[Result "0-1"]
[WhiteElo "2363"]
[BlackElo "2524"]
[PlyCount "136"]
[EventDate "2006.10.08"]
[EventType "team"]
[EventRounds "7"]
[EventCountry "AUT"]
[Source "lmi"]
[SourceDate "2006.10.08"]

1. d4 d5 2. c4 e6 3. Nc3 Be7 4. Nf3 Nf6 5. Bg5 h6 6. Bh4 O-O 7. cxd5 Nxd5 8.
Bxe7 Qxe7 9. e4 Nxc3 10. bxc3 c5 11. Qd2 Rd8 12. Bc4 Nc6 13. O-O cxd4 14. cxd4
Nxd4 15. Nxd4 e5 16. Bd5 exd4 17. Qxd4 Be6 18. Rfd1 Bxd5 19. exd5 Rd6 20. Rac1
a6 21. Rc3 Rad8 22. Rcd3 Qe2 23. a3 Re8 24. h3 Re7 25. Qc5 Red7 26. Qd4 Qe7 27.
Re3 Qg5 28. Re5 Qg6 29. Rd3 f6 30. Re1 Kh7 31. Red1 Qf5 32. a4 Re7 33. Re3 Rc7
34. Red3 b6 35. Rb3 Rc5 36. Rbd3 a5 37. R3d2 Kh8 38. Rd3 Qe5 39. f4 Qf5 40.
R1d2 Kh7 41. Rd1 Rc7 42. Re3 Rc5 43. Red3 Kh8 44. Kh1 Rc7 45. Re3 Rcd7 46. Red3
Re7 47. Re3 Rxe3 48. Qxe3 Rxd5 49. Rxd5 Qxd5 50. Qxb6 Qd1+ 51. Kh2 Qxa4 52.
Qd8+ Kh7 53. Qd3+ Kg8 54. Qd5+ Kf8 55. f5 Qf4+ 56. Kg1 Qe3+ 57. Kf1 Qc1+ 58.
Ke2 Qc2+ 59. Kf3 Qc3+ 60. Kg4 Qe5 61. Qd8+ Kf7 62. Qd7+ Kg8 63. Kh5 Qg3 64. h4
Kh7 65. Qf7 Qe5 66. Qd7 Qe2+ 67. g4 Qe5 68. Qa7 Qe8+ 0-1

[Event "European Club Cup 2006"]
[Site "Fuegen AUT"]
[Date "2006.10.11"]
[Round "4.80"]
[White "Lehner, Oliver"]
[Black "Moor, Olivier"]
[Result "1/2-1/2"]
[WhiteElo "2421"]
[BlackElo "2388"]
[PlyCount "190"]
[EventDate "2006.10.08"]
[EventType "team"]
[EventRounds "7"]
[EventCountry "AUT"]
[Source "lmi"]
[SourceDate "2006.10.08"]

1. Nf3 d5 2. d4 Nf6 3. c4 e6 4. g3 dxc4 5. Bg2 Be7 6. O-O O-O 7. Qc2 a6 8. a4
Bd7 9. Qxc4 Bc6 10. Bf4 a5 11. Nc3 Na6 12. Rfe1 Nb4 13. Rac1 Bxf3 14. Bxf3 c6
15. e4 Qb6 16. Be2 Rac8 17. Be3 Qa6 18. Qb3 Qa8 19. f3 Bd8 20. Rcd1 Qa7 21. Na2
Nxa2 22. Qxa2 Bb6 23. Kg2 Rcd8 24. Qc4 Rd7 25. Rd3 Rfd8 26. Red1 Ne8 27. Bg1 h6
28. Qc3 Nc7 29. f4 f5 30. exf5 exf5 31. Bf3 Nd5 32. Qe1 Rd6 33. Bxd5+ Rxd5 34.
Re3 Bxd4 35. Rxd4 Rxd4 36. Rd3 c5 37. Qe6+ Kh8 38. Bxd4 cxd4 39. Qxf5 Qb6 40.
b3 Qc6+ 41. Kh3 Rd5 42. Qf7 b6 43. g4 Rc5 44. Qe7 Qd5 45. Qe8+ Kh7 46. Qe2 Rc6
47. Kg3 Kg8 48. Qf3 Qc5 49. Rxd4 Qxd4 50. Qxc6 Qe3+ 51. Qf3 Qg1+ 52. Kh3 Qd4
53. Kg2 Qb2+ 54. Kg3 Qd4 55. h4 Qd6 56. Qa8+ Kf7 57. Qe4 Kf8 58. h5 Kf7 59. Kh4
Qd2 60. Kg3 Qc3+ 61. Qf3 Qd4 62. g5 Qg1+ 63. Kh3 Qc5 64. Qb7+ Kf8 65. Qa8+ Ke7
66. Qe4+ Kf8 67. Qe5 Qc6 68. gxh6 Qxh6 69. Qb8+ Kf7 70. Qc7+ Kg8 71. Qc8+ Kh7
72. Qf5+ Kh8 73. Qf8+ Kh7 74. Qf5+ Kh8 75. Qe5 Qc6 76. Kg3 Kh7 77. Qf5+ Kh8 78.
Qd3 Qc5 79. Qf3 Qg1+ 80. Kh4 Qe1+ 81. Kg5 Qe7+ 82. Kg4 Qe6+ 83. f5 Qd6 84. Qa8+
Kh7 85. Qe4 Qf6 86. Qd3 Kh6 87. Qe3+ Kh7 88. Qe4 Qf7 89. f6+ Kh8 90. fxg7+
Qxg7+ 91. Kh3 Qc3+ 92. Kg4 Qxb3 93. Qe5+ Kh7 94. Qe7+ Kh8 95. Qe5+ Kh7 1/2-1/2

[Event "European Club Cup 2006"]
[Site "Fuegen AUT"]
[Date "2006.10.11"]
[Round "4.81"]
[White "Zenklusen, Rico"]
[Black "Schwarz, Michael"]
[Result "1-0"]
[WhiteElo "2348"]
[BlackElo "2399"]
[PlyCount "53"]
[EventDate "2006.10.08"]
[EventType "team"]
[EventRounds "7"]
[EventCountry "AUT"]
[Source "lmi"]
[SourceDate "2006.10.08"]

1. e4 c6 2. d4 d5 3. Nc3 g6 4. h3 dxe4 5. Nxe4 Bg7 6. Nf3 Nd7 7. Bc4 Ngf6 8.
Nxf6+ Nxf6 9. O-O O-O 10. c3 Qd6 11. Re1 Nd5 12. Bg5 e6 13. Qd2 Re8 14. Bh6 Bh8
15. Ne5 b5 16. Bb3 a5 17. a4 Bb7 18. Qe2 bxa4 19. Bxa4 f6 20. Nc4 Qc7 21. Qf3
Re7 22. Qg4 f5 23. Qh4 e5 24. Nxe5 Bxe5 25. dxe5 Rxe5 26. Bb3 a4 27. Bf4 1-0

[Event "European Club Cup 2006"]
[Site "Fuegen AUT"]
[Date "2006.10.11"]
[Round "4.82"]
[White "Deglmann, Ludwig"]
[Black "Maeser, Fabian"]
[Result "1/2-1/2"]
[WhiteElo "2334"]
[BlackElo "2289"]
[PlyCount "53"]
[EventDate "2006.10.08"]
[EventType "team"]
[EventRounds "7"]
[EventCountry "AUT"]
[Source "lmi"]
[SourceDate "2006.10.08"]

1. d4 d5 2. Nf3 Nf6 3. c4 c6 4. e3 Bg4 5. h3 Bxf3 6. Qxf3 e6 7. Bd3 Nbd7 8. O-O
Bd6 9. Nc3 O-O 10. e4 dxc4 11. Bxc4 e5 12. d5 Nb6 13. Bb3 cxd5 14. exd5 h6 15.
Bd2 a6 16. Rad1 Qe7 17. Rfe1 Rac8 18. Bc1 Nbd7 19. Bc2 b5 20. Bb1 b4 21. Ne4
Nxe4 22. Bxe4 Qf6 23. Bf5 Rc7 24. Qg4 h5 25. Qg5 Qxg5 26. Bxg5 Nc5 27. Be3
1/2-1/2

[Event "European Club Cup 2006"]
[Site "Fuegen AUT"]
[Date "2006.10.11"]
[Round "4.83"]
[White "Gaehler, Marco"]
[Black "Hoellrigl, Wilfried"]
[Result "1/2-1/2"]
[WhiteElo "2206"]
[BlackElo "2255"]
[PlyCount "95"]
[EventDate "2006.10.08"]
[EventType "team"]
[EventRounds "7"]
[EventCountry "AUT"]
[Source "lmi"]
[SourceDate "2006.10.08"]

1. e4 c5 2. Nf3 Nc6 3. Bb5 g6 4. O-O Bg7 5. c3 Qb6 6. Na3 a6 7. Ba4 Qc7 8. d4
cxd4 9. cxd4 Nf6 10. d5 Ne5 11. Nxe5 Qxe5 12. Nc4 Qc7 13. Bb3 b5 14. d6 Qb8 15.
Ne3 Qxd6 16. Qxd6 exd6 17. Nd5 Nxd5 18. Bxd5 Rb8 19. Be3 Bb7 20. Rad1 Bxb2 21.
Bxb7 Rxb7 22. Rxd6 O-O 23. Rxa6 Re8 24. f3 d5 25. Rb1 Bg7 26. Ra5 dxe4 27. fxe4
h5 28. Raxb5 Rxb5 29. Rxb5 Rxe4 30. Rb3 Ra4 31. a3 Bf8 32. Bc1 Rc4 33. Be3 f5
34. Kf2 Rc2+ 35. Kf3 Ra2 36. Bc1 Kf7 37. h4 Bc5 38. Be3 Rxa3 39. Rxa3 Bxa3 40.
g3 Bd6 41. Bd4 Ke6 42. Bc3 Kd5 43. Bd2 Kd4 44. Ba5 Kd3 45. Bb6 Kd2 46. Ba5+ Kd1
47. Bc3 Bc7 48. Bb4 1/2-1/2